|
|
แสดงรายละเอียดบรรณานุกรม |
|
|
Brief Record
: Get Marc (ISO 2709)
: E-mail record
: |
| LEADER 00000nama 2200000uu 4500 | |||
| 008 040531s|||| th m m a000 0 tha d | |||
| 041 tha | |||
| 050 VCD 000023 | |||
| 100 สมาคมพยาบาลแห่งประเทศไทย. | |||
| 245 บทเพลงสมาคมพยาบาลแห่งประเทศไทย / สมาคมพยาบาลแห่งประเทศไทย. | |||
| 260 [กรุงเทพฯ] [ม.ป.พ.] | |||
| 300 1 แผ่น. | |||
| 650 สมาคมพยาบาลแห่งประเทศไทย--บทเพลง. | |||
| 995 200 | |||
| 999 ^aใช้งานได้ทุกระบบ | |||
| คุณยังไม่ได้ล็อกอิน คุณสามารถมีกิจกรรมร่วมกับเว็บไซต์ได้ แต่ต้องล็อกอินก่อน :: |
|
| สถานะ | |||||||||
| 1. | สื่อวีดิทัศน์ | VCD 000023 | On Shelf ขอยืม | ||||||
| [แสดง 1/1 รายการ] | |||||||||
| รายการใกล้เคียง ผู้แต่ง [สมาคมพยาบาลแห่งประเทศไทย.]
|
BibComment |
| คอมเมนท์ทรัพยากรรายการนี้ |
|
|